000
00220nam a2200097Ia 4500
008
191206s9999 xx 000 0 und d
020
_a
9.78042E+12
090
_a
QE28.2H635
245
0
_a
Physical geography
260
_c
c2011
999
_c
16679
_d
16679